Statistics for Words That Has No Vowel

Click here to take the quiz!

General Stats

  • This quiz has been taken 29 times
  • The average score is 7 of 12

Answer Stats

DefinitionWord% Correct
Travel or move through airFly
96%
Make an attempt or attemptingTry
92%
A place where most people workoutGym
88%
From what purpose or reasonWhy
81%
A person who secretely keepswatch of somethingSpy
69%
PigpenSty
69%
A religious song or poemHymn
65%
Expression of being sad or dramaticCry
54%
A strong or regular pattern of soundRhythm
31%
A breed of cat that is hairlessSphynx
27%
A wildly held but false belief or ideaMyth
23%
Second stage of a grasshopperNymph
8%

Score Distribution

Percentile by Number Answered

Percent of People with Each Score

Your Score History

You have not taken this quiz